000 00381nam a2200133Ia 4500
008 220803s9999 xx 000 0 und d
041 _aeng
082 _a722 AME
100 _aAmeen F
_912957
245 _aSouth Asian Paradigm Contemporary Architecture And City Form
260 _aMumbai
_bMarg Publication
_c1997
500 _aArchitecture
650 _aArchitectural History
_912958
999 _c10215
_d10215